000 00845cam a2200217 i 4500
020 _a9028605134 :
082 _a624.1762
_bENG
_cL-39, P-13
100 _aSolnes, Julius
_942902
245 1 0 _aEngineering seismology and earthquake engineering /
_cedited by Júlíus Sólnes.
_bJulius Solnes
260 _aLeiden :
_bNoordhoff International Pub. Co.,
_c1974.
300 _aviii, 315 p. :
_bill. ;
_c25 cm.
490 1 _aNATO advanced study institutes series. Series E, Applied sciences ;
500 _aHeld under the auspices of the Scientific Affairs Division of NATO.
526 _a0
_b0
_c0
_d624_176200000000000_ENG
650 0 _aBuildings
_xEarthquake effects
_9701
650 0 _aEarthquakes
_942903
650 0 _aMCE
_9379
700 1 _aSólnes, Júlíus,
_942904
710 2 _aNorth Atlantic Treaty Organization.
_942905
942 _2ddc
_cBK
999 _c546718
_d546718